[Event "Ivy League Challenge 2nd"]
[Site "Toronto"]
[Date "2019.11.10"]
[Round "5.2"]
[White "Gerasimiuk, Michal"]
[Black "Hay, Jonathan"]
[Result "0-1"]
[WhiteElo "1642"]
[BlackElo "1838"]
[PlyCount "94"]
[EventDate "2019.11.08"]
[EventType "team-tourn"]
[EventRounds "5"]
[EventCountry "CAN"]
[SourceTitle "CBM 193 Extra"]
[Source "ChessBase"]
[SourceDate "2020.01.31"]
[SourceVersion "1"]
[SourceVersionDate "2020.01.31"]
[SourceQuality "1"]
[WhiteTeam "Yale University"]
[BlackTeam "Toronto Univ II"]
[WhiteTeamCountry "USA"]
[BlackTeamCountry "CAN"]

1. e4 c6 2. d4 d5 3. Nd2 dxe4 4. Nxe4 Bf5 5. Ng3 Bg6 6. h4 h6 7. Nf3 e6 8. h5 Bh7 9. Bd3 Bxd3 10. Qxd3 Nf6 11. Bd2 c5 12. 0-0-0 Nc6 13. Bc3 Nd5 14. dxc5 Qc7 15. Ne4 0-0-0 16. g3 f5 17. Nd6+ Bxd6 18. cxd6 Rxd6 19. Qc4 Rhd8 20. Be5 Nxe5 21. Nxe5 Nf6 22. Qxc7+ Kxc7 23. Rxd6 Rxd6 24. f3 Rd5 25. Nc4 Rd4 26. b3 b5 27. Nd2 Kd6 28. c4 a6 29. Kc2 e5 30. a3 e4 31. fxe4 fxe4 32. Re1 Ke6 33. Re3 Kf5 34. Kc3 Rd7 35. g4+ Kf4 36. Re1 e3 37. Nf1 Nxg4 38. c5 Kf3 39. Nxe3 Nxe3 40. Rg1 Nd5+ 41. Kd4 Nf6+ 42. Ke5 Rd5+ 43. Ke6 Rxc5 44. Rxg7 Nxh5 45. Rf7+ Nf4+ 46. Kd6 Rd5+ 47. Kc6 Rd3 0-1

[Event "Ivy League Challenge 2nd"]
[Site "Toronto"]
[Date "2019.11.09"]
[Round "4.1"]
[White "Martinez, Isaac C"]
[Black "Gerasimiuk, Michal"]
[Result "1-0"]
[WhiteElo "2068"]
[BlackElo "1642"]
[PlyCount "97"]
[EventDate "2019.11.08"]
[EventType "team-tourn"]
[EventRounds "5"]
[EventCountry "CAN"]
[SourceTitle "CBM 193 Extra"]
[Source "ChessBase"]
[SourceDate "2020.01.31"]
[SourceVersion "1"]
[SourceVersionDate "2020.01.31"]
[SourceQuality "1"]
[WhiteTeam "Princeton University"]
[BlackTeam "Yale University"]
[WhiteTeamCountry "USA"]
[BlackTeamCountry "USA"]

1. c4 Nf6 2. Nf3 g6 3. Nc3 Bg7 4. e4 d6 5. d4 0-0 6. Be2 e5 7. d5 a5 8. 0-0 Na6 9. Bg5 h6 10. Bh4 Qe8 11. Nd2 h5 12. f3 Nh7 13. Re1 Bh6 14. Nf1 Nc5 15. b3 Bd7 16. a3 a4 17. b4 Nb3 18. Rb1 Nd4 19. c5 f5 20. Bc4 Kh8 21. Qd3 g5 22. Bf2 f4 23. Bxd4 exd4 24. Ne2 g4 25. Nxd4 Qe5 26. Nd2 Ng5 27. Kh1 Bg7 28. Nf5 Bxf5 29. exf5 Qxf5 30. Re7 Qxd3 31. Bxd3 Rac8 32. Bg6 Bf6 33. Rd7 Rfd8 34. Rxd8+ Rxd8 35. c6 bxc6 36. dxc6 gxf3 37. Nxf3 Nxf3 38. gxf3 h4 39. b5 Kg7 40. Bf5 Bc3 41. b6 Ba5 42. b7 Rb8 43. Kg2 Kf6 44. Bc8 Bc3 45. Rb5 Bd2 46. Kf2 Ke7 47. Ke2 Bc3 48. Kd3 Be1 49. Rf5 1-0

[Event "Ivy League Challenge 2nd"]
[Site "Toronto"]
[Date "2019.11.08"]
[Round "1.3"]
[White "Gerasimiuk, Michal"]
[Black "Papanek, Ella Sharpe"]
[Result "0-1"]
[WhiteElo "1642"]
[BlackElo "1789"]
[PlyCount "57"]
[EventDate "2019.11.08"]
[EventType "team-tourn"]
[EventRounds "5"]
[EventCountry "CAN"]
[SourceTitle "CBM 193 Extra"]
[Source "ChessBase"]
[SourceDate "2020.01.31"]
[SourceVersion "1"]
[SourceVersionDate "2020.01.31"]
[SourceQuality "1"]
[WhiteTeam "Yale University"]
[BlackTeam "Harvard Univ"]
[WhiteTeamCountry "USA"]
[BlackTeamCountry "USA"]

1. e4 c5 2. Nf3 e6 3. d4 cxd4 4. Nxd4 a6 5. c4 Qc7 6. Nc3 Bb4 7. Be2 Nf6 8. Nc2 Bxc3+ 9. bxc3 Nxe4 10. Qd4 Nf6 11. Ba3 Nc6 12. Qd3 Qe5 13. 0-0 h5 14. Ne3 Ne4 15. Rac1 Nc5 16. Qd2 b6 17. f4 Qc7 18. Rce1 Bb7 19. Nd5 exd5 20. cxd5 Qd6 21. Bxh5+ Ne7 22. Re5 0-0-0 23. Rfe1 Nc6 24. Qb2 Nxe5 25. fxe5 Nd3 26. Qb3 Qxd5 27. Qxd5 Bxd5 28. Rd1 Rxh5 29. e6 0-1

[Event "Ivy League Challenge 2nd"]
[Site "Toronto"]
[Date "2019.11.08"]
[Round "2.2"]
[White "Lei, Sean"]
[Black "Gerasimiuk, Michal"]
[Result "1/2-1/2"]
[WhiteElo "1901"]
[BlackElo "1642"]
[PlyCount "99"]
[EventDate "2019.11.08"]
[EventType "team-tourn"]
[EventRounds "5"]
[EventCountry "CAN"]
[SourceTitle "CBM 193 Extra"]
[Source "ChessBase"]
[SourceDate "2020.01.31"]
[SourceVersion "1"]
[SourceVersionDate "2020.01.31"]
[SourceQuality "1"]
[WhiteTeam "Toronto Univ"]
[BlackTeam "Yale University"]
[WhiteTeamCountry "CAN"]
[BlackTeamCountry "USA"]

1. e4 e5 2. Nf3 Nc6 3. d4 exd4 4. Bc4 Bc5 5. c3 Nf6 6. e5 d5 7. Bb5 Ne4 8. cxd4 Bb6 9. h3 0-0 10. Nc3 Be6 11. 0-0 Nxc3 12. bxc3 h6 13. a4 Na5 14. Ba3 Re8 15. Bxe8 Qxe8 16. Bb4 Rc8 17. Ne1 c6 18. Nd3 Nc4 19. Qe2 Bd8 20. a5 Be7 21. Nb2 Bxb4 22. Nxc4 dxc4 23. cxb4 Qe7 24. Qb2 a6 25. f4 Bf5 26. Qc3 Bd3 27. Rf3 Rd8 28. Rxd3 cxd3 29. Rd1 Qh4 30. Rf1 Qe7 31. Rd1 Qh4 32. Rf1 Qe7 33. Rf3 Rd5 34. Rxd3 Rb5 35. d5 Rxd5 36. Rxd5 cxd5 37. Qc8+ Kh7 38. Qc2+ Kg8 39. Qc8+ Kh7 40. Qc5 Qd7 41. Kf2 Qf5 42. Qd4 f6 43. exf6 gxf6 44. Kf3 Qe6 45. Qe3 Qd6 46. Qc5 Qd7 47. g4 h5 48. f5 hxg4+ 49. hxg4 d4 50. Ke2 1/2-1/2